| 000 | 00564nam a2200217Ia 4500 | ||
|---|---|---|---|
| 005 | 20250508164539.0 | ||
| 008 | 008 250505s9999 xx 000 0 eng d | ||
| 020 | _a0-304-32301-2 | ||
| 037 | _aReference | ||
| 040 |
_aFEDL _beng _cFEDL |
||
| 041 |
_aeng _2eng |
||
| 084 |
_a370.152 3, HOL/RR _qFEDL |
||
| 100 | _aHolt John | ||
| 245 | 0 | _aHow children learn | |
| 250 | _aRev. | ||
| 260 |
_aLondon, UK _bPenguin Books _c1983 |
||
| 300 | _axii,303p. | ||
| 546 | _aMACASE | ||
| 942 |
_cREF _h370.152 3, HOL/RR |
||
| 999 |
_c1389721 _d1389721 |
||